000 00996nam a22002657a 4500
003 NALT
005 20251125232949.0
008 s2548 th tha d
020 _a9749861175
040 _aNALT
041 _atha
090 _aKU 21
_bศ365ม 2548
110 2 _aศาลฎีกา.
_958687
245 1 0 _aเมื่อวันวานของศาลยุติธรรม /
_cศาลฎีกา.
260 _aกรุงเทพฯ :
_bศาลฎีกา,
_c2548
300 _a119 หน้า :
_bภาพประกอบ ;
_c29 ซม.
500 _aหนังสือแนะนำ
610 _aศาลฎีกา
_958687
650 0 4 _aศาล -- ไทย -- ประวัติ
650 0 4 _aศาล -- ไทย -- ประวัติ
850 _aNALT
856 4 0 _uhttps://hdl.handle.net/20.500.14156/464310
942 _cLB
_2local
999 _c44850
_d44850
998 _j1020
_k นางจำเรียง ระวังสำโรง